[Event "Warsaw Chess Open 2022 - A"]
[Site "Warsaw"]
[Date "1899-12-30"]
[Round "4.32"]
[White "Darda-braver, Roman"]
[Black "Bogusz, Alan"]
[Result "1-0"]
[WhiteTitle ""]
[BlackTitle "I"]
[WhiteElo "1963"]
[BlackElo "1794"]

1. Nf3 Nf6 2. g3 d5 3. Bg2 e6 4. O-O c5 5. d3 b6 6. Nbd2 Bb7 7. c3 Qc7 8. Re1 Nbd7
9. e4 Be7 10. e5 Ng4 11. Qe2 h5 12. Nf1 Nh6 13. Bf4 Nf8 14. Ng5 h4 15. g4 Ng6
16. Bd2 O-O-O 17. h3 Kb8 18. d4 cxd4 19. cxd4 Qc2 20. a4 Rc8 21. Nf3 Qc4 22. Qe3
Ba6 23. a5 Qd3 24. axb6 axb6 25. Qxd3 Bxd3 26. b4 Bb5 27. Ra2 Kb7 28. Rea1 Ra8
29. Ne1 Rxa2 30. Rxa2 Rc8 31. f4 f5 32. exf6 Bxf6 33. f5 Bxd4+ 34. Kh1 exf5 35.
Bxd5+ Bc6 36. Bxc6+ Rxc6 37. Nf3 Rd6 38. Bxh6 gxh6 39. gxf5 Ne5 40. Nxh4 Bc3 41.
Re2 Nd7 42. Re4 Nf6 43. Rc4 Rd3 44. Kg2 b5 45. Rf4 Be5 46. Rf3 Rd4 47. Ng6 Bd6
48. Re3 Bxb4 49. Re6 Rd6 50. Re3 Kb6 51. Ne5 Nd5 52. Rb3 Ka5 53. Kf3 Ne7 54. Ke4
Rf6 55. Ng3 Ng8 56. Nh5 Rd6 57. Nd3 Bd2 58. Ke5 Rd8 59. f6 b4 60. Ke6 Kb5 61.
Nb2 Bc3 62. f7 Ra8 63. fxg8=Q Rxg8 64. Nf4 Rg1 65. Nd5 Rg3 66. Nxb4 Rxh3 67. Nd5+
Kc5 68. Nxc3 Re3+ 69. Kf5 Re8 70. Ne4+ Kd4 71. Rd3# 1-0

[Event "Warsaw Chess Open 2022 - A"]
[Site "Warsaw"]
[Date "1899-12-30"]
[Round "4.33"]
[White "Siekanska, Maria"]
[Black "Spicak, Krzysztof"]
[Result "1/2-1/2"]
[WhiteTitle "k+"]
[BlackTitle "k"]
[WhiteElo "1964"]
[BlackElo "1858"]

1. d4 e6 2. c4 f5 3. Nc3 Nf6 4. e3 Bb4 5. Qb3 Bxc3+ 6. Qxc3 O-O 7. Bd3 b6 8. Ne2
Bb7 9. O-O Ne4 10. Qc2 g5 11. f3 Nd6 12. Bd2 Qe7 13. e4 f4 14. Bb4 Na6 15. Ba3
c5 16. b3 Nb4 17. Qc3 a5 18. dxc5 bxc5 19. Bb2 e5 20. Rfd1 Nf7 21. Qd2 Nc6 22.
a3 Rfb8 23. Bc2 d6 24. Kh1 Bc8 25. Bc3 Be6 26. Qd3 Nd4 27. Be1 Qb7 28. Rab1 Nxe2
29. Qxe2 Qa6 30. Bd3 Rc8 31. Rdc1 Qc6 32. b4 axb4 33. axb4 cxb4 34. Bxb4 Rcb8
35. Qd2 Qc7 36. Ra1 Rxa1 37. Rxa1 Qb6 38. Rb1 Qd4 39. Qc2 Qe3 40. Re1 Qb6 41.
Rb1 Qd4 42. h3 Rc8 43. Rc1 Qb6 44. Ba3 Qa5 45. Qc3 Ra8 46. Qxa5 Rxa5 47. Rc3 Kg7
48. Kh2 h5 49. c5 dxc5 50. Bxc5 g4 51. hxg4 hxg4 52. fxg4 Bxg4 53. Rc2 Be6 54.
Kg1 Ra4 55. Bb6 Ng5 56. Bc7 Nf7 57. Kf2 Kf6 58. Rd2 Ke7 59. g3 fxg3+ 60. Kxg3
Bc4 61. Be2 Bxe2 62. Rxe2 Ke6 63. Kg4 Rc4 64. Bb8 Rc8 65. Rb2 Rg8+ 66. Kf3 Rg1
67. Rb6+ Ke7 68. Rb7+ Ke6 69. Rb6+ Ke7 70. Rb7+ Ke6 71. Rb6+ Ke7 72. Rb7+ 1/2-1/2

[Event "Warsaw Chess Open 2022 - A"]
[Site "Warsaw"]
[Date "1899-12-30"]
[Round "4.34"]
[White "Keely, Leo A"]
[Black "Pancewicz, Szymon"]
[Result "1-0"]
[WhiteTitle ""]
[BlackTitle "I+"]
[WhiteElo "1955"]
[BlackElo "1756"]

1. e4 c5 2. Nf3 e6 3. d4 cxd4 4. Nxd4 Nc6 5. Be3 Nf6 6. Nc3 Bb4 7. Bd3 d5 8. Nxc6
bxc6 9. e5 Nd7 10. Qg4 Qa5 11. O-O g6 12. a3 Bxc3 13. bxc3 Qxc3 14. Qa4 c5 15.
Qc6 Rb8 16. Rab1 O-O 17. Bh6 Rxb1 18. Rxb1 Nxe5 19. Qd6 Re8 20. Bb5 Bd7 21. Bxd7
Ra8 22. Rb8+ Rxb8 23. Qxb8# 1-0

[Event "Warsaw Chess Open 2022 - A"]
[Site "Warsaw"]
[Date "1899-12-30"]
[Round "4.35"]
[White "Yunusov, Mukhammad"]
[Black "Celinski, Kamil"]
[Result "1/2-1/2"]
[WhiteTitle ""]
[BlackTitle "I++"]
[WhiteElo "1874"]
[BlackElo "1876"]

1. d4 Nf6 2. Nf3 d5 3. e3 c5 4. c3 Nc6 5. Bd3 Bg4 6. Nbd2 e5 7. dxe5 Nxe5 8. Be2
Nxf3+ 9. Bxf3 Bxf3 10. Qxf3 Bd6 11. O-O O-O 12. e4 Re8 13. exd5 Nxd5 14. Ne4 Bxh2+
15. Kxh2 Qh4+ 16. Kg1 Qxe4 17. Qxe4 Rxe4 18. Rd1 Nf6 19. Bg5 Re2 20. Bxf6 gxf6
21. Rd7 b6 22. b3 a5 23. Rb7 Re6 24. Rd1 f5 25. Rdd7 Rf6 26. f4 Re8 27. Kf2 Re4
28. g3 a4 29. Rd5 Kg7 30. Re5 axb3 31. axb3 Rxe5 32. fxe5 Re6 33. Kf3 Kg6 34.
Kf4 h5 35. Rb8 f6 36. exf6 Rxf6 37. Rg8+ Kf7 38. Rg5 Rd6 39. Rxh5 Rd3 40. Rxf5+
Kg6 41. Re5 Rxc3 42. Re6+ Kf7 43. Rxb6 c4 44. bxc4 Rxc4+ 45. Kg5 Kg7 46. g4 Rc5+
47. Kh4 Rc1 48. Kh5 Rc5+ 49. g5 Rc7 50. Rg6+ Kh7 51. Re6 Kg7 52. Re4 Ra7 53. Kg4
Rb7 54. Re5 Ra7 55. Kf5 Rf7+ 56. Kg4 Ra7 57. Re6 Rb7 58. Rf6 Ra7 59. Kh5 Rb7 60.
Rf5 Ra7 61. Rc5 Rb7 62. g6 Ra7 63. Kg5 Rb7 64. Ra5 Rc7 65. Ra6 Rc5+ 66. Kf4 Rb5
67. Kf3 1/2-1/2

[Event "Warsaw Chess Open 2022 - A"]
[Site "Warsaw"]
[Date "1899-12-30"]
[Round "5.1"]
[White "Janik, Igor"]
[Black "Nguyen, Piotr"]
[Result "1-0"]
[WhiteTitle "GM"]
[BlackTitle "IM"]
[WhiteElo "2519"]
[BlackElo "2404"]

1. d4 Nf6 2. c4 g6 3. Nc3 Bg7 4. Nf3 O-O 5. g3 d6 6. Bg2 Nc6 7. O-O e5 8. dxe5
dxe5 9. Bg5 h6 10. Qxd8 Rxd8 11. Bxf6 Bxf6 12. Nd5 Kg7 13. Nxc7 Rb8 14. e4 Be7
15. Nd5 Bc5 16. Ne1 a5 17. Nd3 Bd4 18. Rac1 Be6 19. b3 b5 20. cxb5 Bxd5 21. bxc6
1-0

[Event "Warsaw Chess Open 2022 - A"]
[Site "Warsaw"]
[Date "1899-12-30"]
[Round "5.2"]
[White "Pacan-milej, Kosma"]
[Black "Sieciechowicz, Marcin"]
[Result "1-0"]
[WhiteTitle "FM"]
[BlackTitle "IM"]
[WhiteElo "2412"]
[BlackElo "2383"]

1. c4 Nf6 2. Nc3 d5 3. cxd5 Nxd5 4. Nf3 g6 5. h4 Bg7 6. h5 Nc6 7. g3 Bg4 8. h6
Bf6 9. Bg2 Nxc3 10. bxc3 O-O 11. O-O e5 12. Rb1 Rb8 13. d3 Qd7 14. Nd2 Bh3 15.
Bxh3 Qxh3 16. Qa4 Be7 17. Nf3 Bc5 18. d4 Bb6 19. Qc4 Qg4 20. Be3 Ne7 21. Nxe5
Qh3 22. Bf4 Rbc8 23. e4 c6 24. a4 g5 25. Bxg5 Ng6 26. Nxg6 hxg6 27. e5 Qg4 28.
Be7 Rfe8 29. h7+ Kxh7 30. Qxf7+ Kh6 31. Kg2 Qe4+ 32. f3 Qc2+ 33. Rf2 Qxb1 34.
Bg5+ Kh5 35. Qh7+ Kxg5 36. Qh4+ Kf5 37. Qg4# 1-0

[Event "Warsaw Chess Open 2022 - A"]
[Site "Warsaw"]
[Date "1899-12-30"]
[Round "5.3"]
[White "Chyzy, Jakub"]
[Black "Psyk, Radoslaw"]
[Result "1/2-1/2"]
[WhiteTitle "FM"]
[BlackTitle "k++"]
[WhiteElo "2230"]
[BlackElo "2411"]

1. e4 c5 2. Nf3 e6 3. d4 cxd4 4. Nxd4 a6 5. Nc3 b5 6. Bd3 Bb7 7. O-O Nc6 8. Nb3
Nf6 9. f4 Na5 10. Qe2 h5 11. Nxa5 Qxa5 12. Bd2 Qb6+ 13. Kh1 h4 14. Rae1 Bc5 15.
Be3 h3 16. g3 Rc8 17. a3 g6 18. Bxc5 Rxc5 19. Qf2 Qd6 20. Qf3 Qd4 21. Rd1 Rc7
22. Qf2 Qd6 23. Bxb5 Nxe4 24. Rxd6 Nxf2+ 25. Kg1 Ne4 26. Nxe4 axb5 27. Nc3 Bc6
28. Re1 Ke7 29. Rd4 f6 30. Kf2 Rh5 31. g4 Rh8 32. Kg3 d6 33. Rb4 e5 34. Re2 Rb7
35. g5 Rh5 36. gxf6+ Kxf6 37. fxe5+ dxe5 38. Rd2 Kg7 39. Rd6 Bd7 40. Ne4 Bf5 41.
Rd5 Rc7 42. c3 Bd7 43. Rd6 Bf5 44. Nf6 Rg5+ 45. Kh4 Rg2 46. Ne8+ Kh6 47. Nxc7
Rxh2 48. Rg4 Re2 49. Rd1 g5+ 50. Kxh3 Re3+ 51. Kg2 Bxg4 52. Rd6+ Kh5 53. Nd5 Rf3
54. Nf6+ Kh4 55. Ne4 Bh5 56. Rh6 g4 57. Rh8 Re3 58. Nf6 Rg3+ 59. Kh2 Rh3+ 60.
Kg2 Rg3+ 61. Kh2 Rh3+ 62. Kg2 Rg3+ 1/2-1/2

[Event "Warsaw Chess Open 2022 - A"]
[Site "Warsaw"]
[Date "1899-12-30"]
[Round "5.4"]
[White "Tytynnik, Artem"]
[Black "Antolak, Julia"]
[Result "0-1"]
[WhiteTitle "FM"]
[BlackTitle "WGM"]
[WhiteElo "2186"]
[BlackElo "2399"]

1. d4 Nf6 2. c4 e6 3. g3 c5 4. d5 exd5 5. cxd5 d6 6. Nc3 g6 7. Bg2 Bg7 8. Nf3 O-O
9. O-O Re8 10. Bf4 Bf5 11. h3 a6 12. a4 Ne4 13. Ra3 Nd7 14. Nh4 Nxc3 15. bxc3
Be4 16. f3 g5 17. fxe4 gxh4 18. Bxd6 Qb6 19. Bf4 c4+ 20. Kh1 Nc5 21. Qc2 Qg6 22.
gxh4 Nxe4 23. Kh2 Ng3 24. Rc1 Nxe2 25. Bg5 Qd6+ 0-1

[Event "Warsaw Chess Open 2022 - A"]
[Site "Warsaw"]
[Date "1899-12-30"]
[Round "5.5"]
[White "Fus, Jakub"]
[Black "Mickiewicz, Piotr"]
[Result "1-0"]
[WhiteTitle "FM"]
[BlackTitle "m"]
[WhiteElo "2389"]
[BlackElo "2284"]

1. d4 Nf6 2. c4 c5 3. d5 b5 4. cxb5 a6 5. e3 g6 6. Nc3 Bg7 7. Nf3 O-O 8. a4 Bb7
9. Ra3 e6 10. dxe6 dxe6 11. Qb3 Nd5 12. Be2 axb5 13. Bxb5 Nc6 14. Nxd5 exd5 15.
O-O c4 16. Qd1 Nb4 17. Nd4 Qb6 18. Bd2 Bxd4 19. Bxb4 Bxb2 20. Bxf8 Kxf8 21. Ra2
Be5 22. Rd2 Qc5 23. Qe2 Rc8 24. Rc1 c3 25. Rdd1 d4 26. exd4 Bxd4 27. Rc2 Qg5 28.
Qf1 Qf4 29. Ba6 Bxa6 30. Qxa6 Rd8 31. Qf1 Rd6 32. a5 h5 33. a6 h4 34. a7 Bxa7
35. Rxd6 Qxd6 36. Rxc3 Bb8 37. Rc8+ Kg7 38. Qa1+ f6 39. g3 h3 40. Qf1 Ba7 41.
Rc1 Qd7 42. Re1 Bc5 43. Qe2 Qf5 44. Rd1 g5 45. Rd2 g4 46. Rd1 Kh6 47. Qd2+ Kg6
48. Kf1 Qe4 49. Qd3 Qxd3+ 50. Rxd3 f5 51. Ke2 Kf6 52. f4 Ke6 53. Kd1 Bg1 54. Rd2
Bc5 55. Kc2 Bg1 56. Kb3 Ke7 57. Kc4 Ke6 58. Kb3 Ke7 59. Kb4 Ke6 60. Kc4 Ba7 61.
Kb5 Bg1 62. Kc6 Ke7 63. Re2+ Kf6 64. Kd5 Ba7 65. Re6+ Kf7 66. Re1 Bf2 67. Rb1
Kf6 68. Ra1 Be3 69. Ra6+ Kf7 70. Ke5 Bg1 71. Ra2 Kg6 72. Rc2 Be3 73. Rc6+ Kh5
74. Kxf5 1-0

[Event "Warsaw Chess Open 2022 - A"]
[Site "Warsaw"]
[Date "1899-12-30"]
[Round "5.7"]
[White "Sriram, Jha"]
[Black "Janeczko, Jakub"]
[Result "0-1"]
[WhiteTitle "GM"]
[BlackTitle "I++"]
[WhiteElo "2361"]
[BlackElo "2080"]

1. d4 Nf6 2. Nf3 g6 3. g3 Bg7 4. Bg2 O-O 5. O-O d5 6. c4 c6 7. Qb3 a5 8. cxd5 a4
9. Qd1 Nxd5 10. e4 Nb6 11. h3 c5 12. d5 a3 13. Qe2 e6 14. Nxa3 Rxa3 15. bxa3 Bxa1
16. Bf4 Bg7 17. Bxb8 exd5 18. Ba7 Nd7 19. Qb5 dxe4 20. Nd2 e3 21. fxe3 Qc7 22.
Rb1 Qxg3 23. Nf1 Qg5 24. h4 Qf5 25. Rd1 Qg4 26. Rb1 Re8 27. Rc1 Bd4 28. Bxc5 Be5
29. Rc4 Qe2 30. Bd4 Bxd4 31. exd4 Nf6 32. a4 Bd7 33. Qb4 Bc6 34. Bxc6 bxc6 35.
Qb3 Re4 36. Ng3 Rg4 37. Rc3 Qe1+ 38. Kg2 Qd2+ 39. Kg1 Qxd4+ 40. Kg2 Qd2+ 41. Kf1
Nd5 42. Rf3 Rb4 43. Qd3 Qc1+ 44. Kf2 Rb2+ 45. Ne2 Qc5+ 46. Kf1 Rxa2 47. Qb3 Ra1+
48. Kg2 Re1 49. Qb8+ Kg7 50. Qb2+ f6 51. Qd2 Qb4 52. Qxb4 Nxb4 53. Nc3 Ra1 54.
Ne4 Nd5 55. Nc5 h5 56. Rb3 g5 57. Rb8 g4 58. Rc8 Ra2+ 59. Kg1 Nf4 60. Rxc6 Nh3+
61. Kf1 g3 62. Ne6+ Kh6 0-1

[Event "Warsaw Chess Open 2022 - A"]
[Site "Warsaw"]
[Date "1899-12-30"]
[Round "5.8"]
[White "Karolczuk, Iwo"]
[Black "Yezhel, Valiantsin"]
[Result "0-1"]
[WhiteTitle "FM"]
[BlackTitle ""]
[WhiteElo "2319"]
[BlackElo "2248"]

1. e4 c5 2. Nf3 g6 3. d4 cxd4 4. Nxd4 Bg7 5. c4 Nf6 6. Nc3 Nc6 7. Be3 d6 8. Be2
Bd7 9. O-O O-O 10. Qd2 Nxd4 11. Bxd4 Bc6 12. f3 Nd7 13. Be3 a5 14. b3 Nc5 15.
Rab1 e6 16. Rfd1 Be5 17. Bf1 Qh4 18. f4 Bxc3 19. Qxc3 Nxe4 20. Qb2 f5 21. g3 Qe7
22. Bg2 e5 23. a3 exf4 24. gxf4 Nf6 25. Bd4 Nh5 26. Bxc6 bxc6 27. Qf2 Qe4 28.
Be3 Rfe8 29. Re1 a4 30. bxa4 Qxc4 31. Rb7 Re4 32. Qb2 Rae8 33. Qg7+ Nxg7 0-1

[Event "Warsaw Chess Open 2022 - A"]
[Site "Warsaw"]
[Date "1899-12-30"]
[Round "5.9"]
[White "Shamatava, Nikolozi"]
[Black "Jarmula, Lukasz"]
[Result "0-1"]
[WhiteTitle ""]
[BlackTitle "GM"]
[WhiteElo "1783"]
[BlackElo "2452"]

1. d4 d6 2. e4 Nf6 3. Nc3 e5 4. Nf3 exd4 5. Nxd4 Be7 6. Be2 O-O 7. O-O Re8 8. f4
c5 9. Nb3 Nc6 10. Be3 Bf8 11. Bf3 a5 12. Re1 a4 13. Nd2 Nd4 14. Bxd4 cxd4 15.
Ne2 Qb6 16. Nc4 Qc5 17. Qxd4 d5 18. Nb6 dxe4 19. Nxa8 exf3 20. gxf3 Qa5 21. Qc3
Bb4 22. Qc7 Bxe1 0-1

[Event "Warsaw Chess Open 2022 - A"]
[Site "Warsaw"]
[Date "1899-12-30"]
[Round "5.10"]
[White "Danielyan, Vahe"]
[Black "Czernek, Tymon"]
[Result "0-1"]
[WhiteTitle "IM"]
[BlackTitle "FM"]
[WhiteElo "2295"]
[BlackElo "2188"]

1. e4 c5 2. Nf3 d6 3. Bb5+ Nd7 4. Ba4 a6 5. c4 Ngf6 6. O-O g6 7. Nc3 Bg7 8. d3
O-O 9. h3 Ne8 10. Be3 f5 11. exf5 gxf5 12. Bg5 h6 13. Bh4 Ndf6 14. d4 cxd4 15.
Nxd4 e5 16. Nc2 Be6 17. Ne3 Nc7 18. Bc2 Qd7 19. Ncd5 Bxd5 20. cxd5 e4 21. Bg3
Rad8 22. Rc1 Kh8 23. Ba4 b5 24. Bb3 Ng8 25. Bf4 Ne7 26. Qh5 Qe8 27. Qe2 Na8 28.
g3 a5 29. a3 Ng6 30. Ng2 Ne5 31. Bxe5 Bxe5 32. Rc6 Qg6 33. Bc2 Rb8 34. Qe3 Qg7
35. Nf4 Bd4 36. Ng6+ Kg8 37. Qd2 Bxf2+ 38. Rxf2 Qxg6 39. Qf4 Rbd8 40. Rg2 Kh8
41. h4 h5 42. Bd1 Rg8 43. Kh2 Rg7 44. Rgc2 Kh7 45. Be2 Rdd7 46. Bf1 Nc7 47. Rd2
Rgf7 48. Bh3 Rf6 49. Rb6 Kg7 50. Bf1 Re7 51. Qe3 Qf7 52. Be2 f4 53. gxf4 Kh7 54.
Qg3 Ne8 55. Bd1 Rxf4 56. Rg2 Qf6 57. Rb8 Rxh4+ 58. Kg1 Qd4+ 0-1

[Event "Warsaw Chess Open 2022 - A"]
[Site "Warsaw"]
[Date "1899-12-30"]
[Round "5.11"]
[White "Terzi, Alexei"]
[Black "Szczurek, Krzysztof"]
[Result "1-0"]
[WhiteTitle "FM"]
[BlackTitle "FM"]
[WhiteElo "2286"]
[BlackElo "2151"]

1. e4 c5 2. Nc3 a6 3. g3 b5 4. Bg2 Bb7 5. d3 e6 6. Nh3 d5 7. exd5 exd5 8. Nf4 Nf6
9. Qf3 Nc6 10. Nfxd5 Be7 11. O-O O-O 12. Nxe7+ Qxe7 13. Bg5 Nd8 14. Bxf6 Qxf6
15. Qxf6 gxf6 16. Bxb7 Nxb7 17. Rfe1 Rfe8 18. Nd5 Kg7 19. Nc7 Rxe1+ 20. Rxe1 Rc8
21. Nd5 c4 22. dxc4 Rxc4 23. c3 Rc5 24. Rd1 Rc6 25. Ne3 Kg6 26. Rd4 f5 27. a4
bxa4 28. Rxa4 Nd6 29. Nd5 Rc5 30. Nf4+ Kg5 31. Rxa6 Nc4 32. h4+ Kg4 33. Kg2 Ne5
34. Ra8 1-0

[Event "Warsaw Chess Open 2022 - A"]
[Site "Warsaw"]
[Date "1899-12-30"]
[Round "5.12"]
[White "Ceponis, Tadas"]
[Black "Mulawa, Cyprian"]
[Result "1-0"]
[WhiteTitle ""]
[BlackTitle "I"]
[WhiteElo "2093"]
[BlackElo "1949"]

1. e4 c5 2. Nf3 Nc6 3. d4 cxd4 4. Nxd4 Nf6 5. Nc3 e5 6. Ndb5 d6 7. Bg5 a6 8. Na3
b5 9. Nd5 Be7 10. Bxf6 Bxf6 11. c3 Bg5 12. h4 Bh6 13. g4 Bf4 14. Nxf4 exf4 15.
Qd5 Bb7 16. O-O-O O-O 17. Bd3 Qc7 18. Qf5 Ne5 19. Nc2 Rfe8 20. Rhe1 Qc8 21. Qxf4
Qxg4 22. Qxg4 Nxg4 23. f3 Ne5 24. Be2 Rad8 25. h5 f6 26. Rd2 Nf7 27. a4 bxa4 28.
Bc4 Kf8 29. Bxf7 Kxf7 30. Red1 f5 31. Rxd6 Rxd6 32. Rxd6 fxe4 33. fxe4 Rxe4 34.
Nd4 Bc8 35. Rc6 Re8 36. Kd2 Ke7 37. Rc7+ Bd7 38. Ra7 Rb8 39. Nc6+ 1-0

[Event "Warsaw Chess Open 2022 - A"]
[Site "Warsaw"]
[Date "1899-12-30"]
[Round "5.13"]
[White "Rudolf, Michal"]
[Black "Dubnevych, Maksym"]
[Result "1/2-1/2"]
[WhiteTitle "FM"]
[BlackTitle ""]
[WhiteElo "2361"]
[BlackElo "2131"]

1. e4 c5 2. Nf3 Nc6 3. Bb5 g6 4. Bxc6 dxc6 5. d3 Qc7 6. a4 e5 7. a5 Nf6 8. Qd2
Rb8 9. Qc3 Nd7 10. Be3 b6 11. axb6 axb6 12. O-O Bg7 13. b4 cxb4 14. Qxb4 Bf8 15.
Qc4 Bd6 16. Bh6 b5 17. Qc3 f6 18. d4 c5 19. dxc5 Nxc5 20. Nbd2 Be6 21. Qa5 Qxa5
22. Rxa5 Kf7 23. Be3 Rhc8 24. Rb1 Na4 25. Raxb5 Rxb5 26. Rxb5 Rxc2 27. Rb7+ Rc7
28. Rxc7+ Bxc7 29. Ne1 Nb2 1/2-1/2

[Event "Warsaw Chess Open 2022 - A"]
[Site "Warsaw"]
[Date "1899-12-30"]
[Round "5.14"]
[White "Kulesza, Andrzej"]
[Black "Malek, Jan"]
[Result "0-1"]
[WhiteTitle "I++"]
[BlackTitle "k++"]
[WhiteElo "2051"]
[BlackElo "2320"]

1. e4 c5 2. Nf3 d6 3. d4 cxd4 4. Nxd4 Nf6 5. Nc3 Bd7 6. Bg5 e6 7. Qd2 h6 8. Bxf6
Qxf6 9. Ndb5 Bxb5 10. Bxb5+ Nc6 11. O-O-O Qg5 12. f4 Qc5 13. Kb1 Be7 14. g4 O-O-O
15. Bd3 g5 16. f5 h5 17. h3 hxg4 18. hxg4 a6 19. Rdf1 Rdg8 20. Nd1 Rh4 21. Rxh4
gxh4 22. Qh6 Qe5 23. f6 Bd8 24. Qxh4 Rg6 25. Qh5 Bxf6 26. c3 Kd7 27. Bc2 Ke7 28.
Qh3 Bg5 29. Re1 Qf4 30. Ka1 Qd2 0-1

[Event "Warsaw Chess Open 2022 - A"]
[Site "Warsaw"]
[Date "1899-12-30"]
[Round "5.15"]
[White "Gradalski, Olaf"]
[Black "Fishchuk, Vladyslav"]
[Result "1-0"]
[WhiteTitle "k"]
[BlackTitle "FM"]
[WhiteElo "2049"]
[BlackElo "2309"]

1. e4 c5 2. Nf3 Nc6 3. d4 cxd4 4. Nxd4 Nf6 5. Nc3 e5 6. Ndb5 d6 7. Bg5 a6 8. Na3
b5 9. Nd5 Be7 10. Bxf6 Bxf6 11. c4 b4 12. Nc2 O-O 13. g3 a5 14. Bg2 Be6 15. O-O
Bg5 16. Qd3 Qb8 17. b3 Bd8 18. a3 bxa3 19. Rxa3 Bb6 20. Nxb6 Qxb6 21. Rfa1 Kh8
22. Qe3 Qc5 23. h4 Rab8 24. Kh2 Rb7 25. Bh3 Rfb8 26. Qxc5 dxc5 27. Bxe6 fxe6 28.
Rd1 Rxb3 29. Rxb3 Rxb3 30. Rd6 Rb6 31. Na3 Kg8 32. Nb5 a4 33. Na7 a3 34. Nxc6
a2 35. Rd8+ Kf7 36. Nxe5+ Ke7 37. Ra8 Rb2 38. Kg2 Kd6 39. Nd3 Rc2 40. Ra6+ Kc7
41. Nxc5 Rxc4 42. Nxe6+ Kd7 43. Nxg7 Rxe4 44. Rxa2 1-0

[Event "Warsaw Chess Open 2022 - A"]
[Site "Warsaw"]
[Date "1899-12-30"]
[Round "5.16"]
[White "Sowul, Bartosz"]
[Black "Sliwerski, Radoslaw"]
[Result "1/2-1/2"]
[WhiteTitle "k++"]
[BlackTitle "k++"]
[WhiteElo "2283"]
[BlackElo "1951"]

1. e4 c5 2. Nc3 d6 3. d4 cxd4 4. Qxd4 Nc6 5. Qd2 g6 6. b3 Bh6 7. f4 f5 8. Bb2 Nf6
9. O-O-O Qa5 10. h3 Bd7 11. Kb1 O-O-O 12. a3 Rhf8 13. b4 Nxb4 14. axb4 Qxb4 15.
Nge2 Bg7 16. Qd4 Qxd4 17. Rxd4 Nxe4 18. Nxe4 Bxd4 19. Bxd4 fxe4 20. Bxa7 e5 21.
fxe5 Bb5 22. Ng3 Bxf1 23. Rxf1 Rxf1+ 24. Nxf1 dxe5 25. Kc1 Kc7 26. Be3 Kc6 27.
Nd2 h5 28. Kb2 Kd5 29. Kb3 b5 30. Kb4 Rb8 31. Nb1 Rc8 32. Nc3+ Ke6 33. Kb3 Rb8
34. Nxe4 Kd5 35. Nc3+ Ke6 36. Ba7 Rd8 37. Be3 Kf5 38. Nxb5 h4 39. Nc3 g5 40. Ne2
Rd1 41. Nc3 Rh1 42. Ba7 g4 43. hxg4+ Kxg4 44. Nd5 Kg3 45. Ne3 Re1 46. Nf5+ Kg4
47. Ne3+ Kg3 48. Nf5+ Kg4 1/2-1/2

[Event "Warsaw Chess Open 2022 - A"]
[Site "Warsaw"]
[Date "1899-12-30"]
[Round "5.17"]
[White "Meers, Hubert"]
[Black "Rozycki, Bartlomiej"]
[Result "1/2-1/2"]
[WhiteTitle "k"]
[BlackTitle "k++"]
[WhiteElo "2003"]
[BlackElo "2210"]

1. e4 c6 2. d4 d5 3. Nd2 dxe4 4. Nxe4 Bf5 5. Ng3 Bg6 6. h4 h6 7. Nf3 e6 8. h5 Bh7
9. Bd3 Bxd3 10. Qxd3 Nf6 11. Bd2 Qb6 12. O-O-O Qa6 13. Qb3 c5 14. dxc5 Nbd7 15.
Nd4 Bxc5 16. Be3 O-O 17. Kb1 Rfd8 18. Rhe1 Rac8 19. Qb5 Qxb5 20. Nxb5 Bxe3 21.
Rxe3 Ne5 22. Rxd8+ Rxd8 23. Kc1 Nc6 24. Rd3 Rc8 25. Nd6 Rc7 26. Nb5 Rc8 27. Nd6
Rc7 28. Nb5 Re7 29. f3 Kf8 30. c3 a6 31. Na3 Rc7 32. Nc2 Ke7 33. Ne3 Ne5 34. Rd4
Rc5 35. Ne4 Nxe4 36. Rxe4 f5 37. Rd4 f4 38. Nd1 Rc4 39. Nf2 Rxd4 40. cxd4 Nc6
41. Nd3 Nxd4 42. Nxf4 Nf5 43. Kd2 Ng3 44. Ke3 e5 45. Nd3 Kd6 46. f4 e4 47. Nf2
Kd5 48. Nd1 Nf5+ 49. Ke2 Ng3+ 50. Ke3 Nxh5 51. Nc3+ Ke6 52. Kxe4 Nf6+ 53. Kf3
b5 54. a3 Nd7 55. b4 Nb6 56. Ne4 Kd5 57. Nc5 Nc4 58. Nxa6 Nxa3 59. Kg4 Ke6 60.
Nc7+ Kf6 1/2-1/2

[Event "Warsaw Chess Open 2022 - A"]
[Site "Warsaw"]
[Date "1899-12-30"]
[Round "5.18"]
[White "Padalka, Artem"]
[Black "Starosta, Martyna"]
[Result "1-0"]
[WhiteTitle ""]
[BlackTitle "WCM"]
[WhiteElo "2204"]
[BlackElo "1918"]

1. Nf3 Nf6 2. c4 e6 3. d4 Bb4+ 4. Bd2 Qe7 5. g3 Bxd2+ 6. Nbxd2 d6 7. Bg2 O-O 8.
O-O e5 9. e4 Nc6 10. d5 Nb8 11. Ne1 a5 12. b3 Na6 13. a3 Bd7 14. Qb1 Rfb8 15.
Nd3 h5 16. Qc2 b5 17. f4 exf4 18. gxf4 Ng4 19. Rae1 Ra7 20. Nf3 bxc4 21. bxc4
Rab7 22. h3 Nh6 23. e5 Nc5 24. Nxc5 dxc5 25. e6 fxe6 26. Ng5 Rb2 27. Qh7+ Kf8
28. Qh8+ Ng8 29. Nh7+ Kf7 30. dxe6+ Kg6 31. Be4+ Kh6 32. Ng5# 1-0

[Event "Warsaw Chess Open 2022 - A"]
[Site "Warsaw"]
[Date "1899-12-30"]
[Round "5.19"]
[White "Oniani, Tamar"]
[Black "Jaskolka, Tomasz"]
[Result "1/2-1/2"]
[WhiteTitle ""]
[BlackTitle "CM"]
[WhiteElo "1663"]
[BlackElo "2194"]

1. d4 Nf6 2. c4 g6 3. Nc3 d5 4. cxd5 Nxd5 5. e4 Nxc3 6. bxc3 Bg7 7. Bc4 O-O 8.
Ne2 c5 9. O-O Nc6 10. Be3 Bg4 11. f3 Bd7 12. Rb1 Qc7 13. Qc1 Rac8 14. Bf4 e5 15.
dxe5 Nxe5 16. Rd1 Bc6 17. Bd5 b5 18. Qe3 Qb6 19. a4 a6 20. axb5 axb5 21. Qf2 Rfd8
22. Bg5 Rd7 23. Bb3 Qa7 24. Be3 Rxd1+ 25. Rxd1 Qa3 26. Bd5 Bd7 27. h3 c4 28. Bd4
b4 29. cxb4 Ba4 30. Ra1 Qxb4 31. Bc3 Qb3 32. Qa7 Qc2 33. Rxa4 Qxe2 34. f4 Nf3+
35. gxf3 Bxc3 36. Qxf7+ Kh8 37. Rxc4 Qe1+ 38. Kg2 Qe2+ 39. Kh1 Qf1+ 40. Kh2 Qf2+
41. Kh1 Qxf3+ 42. Kh2 Rb8 43. Rb4 Qe2+ 44. Kh1 Qf1+ 1/2-1/2

[Event "Warsaw Chess Open 2022 - A"]
[Site "Warsaw"]
[Date "1899-12-30"]
[Round "5.20"]
[White "Krawczyk, Flawian"]
[Black "Siekanska, Zuzanna"]
[Result "1/2-1/2"]
[WhiteTitle "I++"]
[BlackTitle "I++"]
[WhiteElo "2162"]
[BlackElo "1712"]

1. e4 e5 2. Nf3 Nc6 3. Bb5 a6 4. Ba4 Nf6 5. O-O b5 6. Bb3 Be7 7. Re1 d6 8. a4 Bg4
9. c3 O-O 10. d3 b4 11. Nbd2 Rb8 12. a5 Na7 13. h3 Bc8 14. Nc4 bxc3 15. bxc3 Nb5
16. Bd2 Nd7 17. Ne3 Nc5 18. Bc2 Ne6 19. Nf5 Bf6 20. Qc1 c5 21. Rb1 Nf4 22. g3
Bxf5 23. exf5 Nh5 24. c4 Nc7 25. Rxb8 Qxb8 26. Nh2 g6 27. Bd1 Ng7 28. Ng4 Qd8
29. fxg6 fxg6 30. Qb1 Bg5 31. Bc3 h5 32. Nh2 h4 33. Bg4 Qf6 34. Rf1 Nf5 35. Qb7
Ne6 36. Qe4 hxg3 37. fxg3 Ned4 38. Bxf5 gxf5 39. Qd5+ Kg7 40. Bxd4 cxd4 41. Rb1
Be3+ 42. Kg2 Qg6 43. Rb7+ Rf7 44. Nf3 Rxb7 45. Qxb7+ Kh6 46. Qxa6 Bf4 47. g4 fxg4
48. Nh4 gxh3+ 49. Kh1 Qf6 50. Qc8 Bd2 51. Nf5+ Kg5 52. a6 Qf7 53. Kh2 Bf4+ 54.
Ng3 Bxg3+ 55. Kxg3 Qf4+ 56. Kxh3 Qf3+ 57. Kh2 Qf2+ 58. Kh1 Qf1+ 59. Kh2 Qf2+ 1/2-1/2

[Event "Warsaw Chess Open 2022 - A"]
[Site "Warsaw"]
[Date "1899-12-30"]
[Round "5.21"]
[White "Zaninotto, Franco"]
[Black "Szczotka, Klara"]
[Result "1/2-1/2"]
[WhiteTitle "FM"]
[BlackTitle "k+"]
[WhiteElo "2069"]
[BlackElo "1760"]

1. e4 c6 2. d4 d5 3. e5 c5 4. Nf3 e6 5. c3 Nc6 6. a3 cxd4 7. cxd4 Nge7 8. Bd3 a6
9. O-O Bd7 10. Nc3 b5 11. Be3 g6 12. b4 Nf5 13. Bg5 Qb6 14. Bxf5 gxf5 15. Ne2
a5 16. Nf4 h5 17. h4 Ra6 18. Bf6 Rh6 19. Bg5 Rh8 20. Bf6 Rh6 21. Bg5 Rh8 1/2-1/2

[Event "Warsaw Chess Open 2022 - A"]
[Site "Warsaw"]
[Date "1899-12-30"]
[Round "5.22"]
[White "Zysko, Jan"]
[Black "Darda-braver, Roman"]
[Result "1-0"]
[WhiteTitle "k"]
[BlackTitle ""]
[WhiteElo "2138"]
[BlackElo "1963"]

1. e4 Nf6 2. e5 Nd5 3. d4 d6 4. Nf3 Bg4 5. Be2 e6 6. O-O Be7 7. c4 Nb6 8. Nc3 Nc6
9. exd6 cxd6 10. d5 exd5 11. Nxd5 Nxd5 12. Qxd5 O-O 13. Bf4 Be6 14. Qh5 Qa5 15.
Ng5 Bxg5 16. Qxg5 Qxg5 17. Bxg5 d5 18. cxd5 Bxd5 19. Rfd1 Be6 20. a3 Ne5 21. Rac1
Rac8 22. Be3 Bb3 23. Re1 a6 24. Bd4 Rxc1 25. Rxc1 Nc6 26. Bb6 Bd5 27. f3 Re8 28.
Kf2 Ne7 29. Bd3 f6 30. Re1 Kf7 31. Bc5 Ng6 32. Rd1 Nf4 33. Bf1 Bc6 34. Bc4+ Kg6
35. Be3 Ne6 36. Rd6 Nc7 37. h4 Nb5 38. h5+ Kf5 39. Rd2 Ke5 40. g4 f5 41. f4+ Kf6
42. g5+ Ke7 43. Bc5+ Nd6 44. Rxd6 Be4 45. Re6+ Kd7 46. Rxe8 Kxe8 47. Ke3 g6 48.
h6 b5 49. Bg8 a5 50. Kd4 a4 51. Ke5 Bf3 52. Kf6 Bh5 53. Bxh7 1-0

[Event "Warsaw Chess Open 2022 - A"]
[Site "Warsaw"]
[Date "1899-12-30"]
[Round "5.23"]
[White "Dalkowski, Rafal"]
[Black "Ciborowski, Konrad Jr"]
[Result "1/2-1/2"]
[WhiteTitle "k"]
[BlackTitle "I++"]
[WhiteElo "2120"]
[BlackElo "1904"]

1. d4 d5 2. c4 e6 3. cxd5 exd5 4. Nc3 c6 5. Qc2 Bd6 6. Nf3 Nf6 7. Bg5 h6 8. Bh4
O-O 9. e3 Re8 10. Bd3 Nbd7 11. O-O Be7 12. Nd2 c5 13. dxc5 Nxc5 14. Nb3 Nxb3 15.
Qxb3 d4 16. exd4 Qxd4 17. Bxf6 Bxf6 18. Bc4 Be6 19. Bxe6 Rxe6 20. Qxb7 Rae8 21.
Nd5 Qxb2 22. Nxf6+ 1/2-1/2